[Event "11th Aeroflot Open A"]
[Site "Moscow RUS"]
[Date "2012.02.13"]
[Round "7"]
[White "Zhigalko,S"]
[Black "Sjugirov,S"]
[Result "1-0"]
[WhiteElo "2658"]
[BlackElo "2622"]

1.e4 c5 2.Nf3 d6 3.Bb5+ Nc6 4.O-O Bd7 5.Re1 Nf6 6.c3 a6 7.Bf1 Bg4 8.h3 Bxf3
9.Qxf3 g6 10.d3 Bg7 11.Be3 Nd7 12.Qd1 O-O 13.a4 Rb8 14.Na3 b5 15.axb5 axb5
16.d4 c4 17.b3 Na5 18.bxc4 bxc4 19.Nxc4 Nxc4 20.Bxc4 Qc7 21.Qd3 Rfc8 22.Bb5 Nb6
23.c4 Nxc4 24.Rec1 Rxb5 25.Rxc4 Rc5 26.dxc5 d5 27.Rcc1  1-0

[Event "11th Aeroflot Open B"]
[Site "Moscow RUS"]
[Date "2012.02.13"]
[Round "7"]
[White "Kislinsky,A"]
[Black "Matinian,N"]
[Result "1/2-1/2"]
[WhiteElo "2535"]
[BlackElo "2438"]

1.e4 c5 2.Nf3 d6 3.Bb5+ Bd7 4.Bxd7+ Qxd7 5.O-O Nf6 6.e5 dxe5 7.Nxe5 Qc8 8.Nc3 e6
9.Qf3 Be7 10.d3 O-O 11.Bf4 Nfd7 12.Qg3 Nc6 13.Nf3 f6 14.Rae1 Nb6 15.Bc7 Nd4
16.Bxb6 axb6 17.a3 Rd8 18.Ne2 Bd6 19.Qh4 Nxf3+ 20.gxf3 Be5 21.Rb1 Qc6 22.Kg2 Ra4
23.Qh3 g5 24.b4 Rxa3 25.Qg4 Kh8 26.bxc5 bxc5 27.Qe4 Qxe4 28.fxe4 Ra2 29.Rfc1 Bb2
30.Rd1 b5 31.Rd2 c4 32.c3 cxd3 33.Ng3 Bc1 34.Rxa2 d2 35.Rxd2 Bxd2 36.Rd1 Rd6
37.e5 Rd5 38.Ne4 Bf4 39.Rxd5 exd5 40.Nxf6 Bxe5 41.Nxd5 Kg7 42.h4 gxh4 43.f4 Bd6
44.Kh3 Kg6 45.Kxh4 Kf5 46.c4 b4 47.Nxb4 Bxb4 48.Kh3  1/2-1/2

[Event "11th Aeroflot Open A"]
[Site "Moscow RUS"]
[Date "2012.02.14"]
[Round "8"]
[White "Kobalia,M"]
[Black "Robson,R"]
[Result "1/2-1/2"]
[WhiteElo "2673"]
[BlackElo "2596"]

1.e4 c5 2.Nf3 d6 3.Bb5+ Bd7 4.Bxd7+ Qxd7 5.O-O Nf6 6.Qe2 Nc6 7.c3 e6 8.d4 cxd4
9.cxd4 d5 10.e5 Ne4 11.Be3 Be7 12.Ne1 f6 13.f3 Ng5 14.Nd3 O-O 15.Nd2 Rac8
16.Rac1 b6 17.Bf2 Nf7 18.f4 f5 19.Nf3 Rc7 20.Rc2 Rfc8 21.Rfc1 Nb8 22.h3 Rxc2
23.Rxc2 Rxc2 24.Qxc2 Qc6 25.Qd2 Nd7 26.Kh2 Qc8 27.Be3 Nf8 28.Qd1 Qc6 29.b3 Nd7
30.Bd2 a5 31.Nde1 Nb8 32.Qe2 Kf8 33.Qd3 Qc8 34.Nc2 Qa6 35.Qc3 Ke8 36.Qc7 Nd7
37.Ne3 Nd8 38.Qc2 Qe2 39.Qc8 Nf8 40.Qc1 Ng6 41.Nd1 Nh4 42.Nxh4 Bxh4 43.Nc3 Qf2
44.Be3 Bg3+ 45.Kh1 Qe1+ 46.Qxe1 Bxe1 47.Nb5 Kd7 48.Kg1 Bb4 49.Kf2 Kc6 50.Na7+  1/2-1/2

[Event "11th Aeroflot Open A"]
[Site "Moscow RUS"]
[Date "2012.02.14"]
[Round "8"]
[White "Iordachescu,V"]
[Black "Korobov,A"]
[Result "0-1"]
[WhiteElo "2651"]
[BlackElo "2660"]

1.e4 c5 2.Nf3 d6 3.Bb5+ Nd7 4.c3 Nf6 5.Qe2 a6 6.Ba4 b5 7.Bc2 Bb7 8.O-O e6
9.d4 Be7 10.Rd1 Qc7 11.Bd3 O-O 12.Nbd2 e5 13.d5 c4 14.Bc2 Rfb8 15.Nf1 a5
16.Ng3 g6 17.h4 b4 18.h5 Nc5 19.Ng5 Ba6 20.Qf3 Nd3 21.Bxd3 cxd3 22.Bd2 bxc3
23.Bxc3 Bd8 24.hxg6 hxg6 25.Nf1 Qe7 26.Nh3 Bb6 27.Nd2 Kg7 28.Nb3 Bc8 29.Qxd3 Bxh3
30.gxh3 Rh8 31.Bd2 Qd7 32.Kg2 Nxe4 33.Rf1 a4  0-1

[Event "ch-Central Serbia 2012"]
[Site "Pozarevac SRB"]
[Date "2012.02.14"]
[Round "2.10"]
[White "Kosanovic,G"]
[Black "Petrovic,Draga"]
[Result "1/2-1/2"]
[WhiteElo "2362"]
[BlackElo "2210"]

1.e4 c5 2.Nf3 d6 3.Bb5+ Nd7 4.d4 cxd4 5.Qxd4 e6 6.Nc3 a6 7.Bxd7+ Bxd7 8.Bg5 Nf6
9.O-O-O Be7 10.e5 dxe5 11.Nxe5 Bb5 12.Qf4 Qa5 13.Ng4 Ng8 14.Bxe7 Nxe7 15.Qg5 Nf5
16.Ne3 h6 17.Qg4 Bc6 18.Nxf5 Qxf5 19.Qxg7 Qg5+ 20.Qxg5 hxg5 21.f3 g4 22.fxg4 Bxg2
23.Rhg1 Bc6 24.Rd2 Ke7 25.Rg3 Rag8 26.Nd1 Rh4 27.h3 f5 28.Rf2 fxg4 29.Rxg4 Rgxg4
30.hxg4 Rxg4 31.Ne3  1/2-1/2

[Event "3rd Novy Bor Open"]
[Site "Novy Bor CZE"]
[Date "2012.02.15"]
[Round "6"]
[White "Chudinovskikh,A"]
[Black "Bores,R"]
[Result "1-0"]
[WhiteElo "2276"]
[BlackElo "2139"]

1.e4 c5 2.Nf3 d6 3.Bb5+ Bd7 4.Bxd7+ Qxd7 5.c4 Nc6 6.d4 cxd4 7.Nxd4 Nf6 8.Nc3 g6
9.O-O Bg7 10.h3 O-O 11.Be3 Qd8 12.Rc1 Qa5 13.b3 Rfe8 14.Qf3 Nd7 15.Rfd1 Nxd4
16.Bxd4 Bxd4 17.Rxd4 Qg5 18.Rcd1 Ne5 19.Qe2 Rac8 20.Nd5 Nc6 21.R4d3 Qh4 22.Kh2 Ne5
23.Rg3 e6 24.Nc3 Rc6 25.Nb5 a6 26.Nxd6 Rd8 27.Nxb7  1-0

[Event "ch-ROU Women 2012"]
[Site "Sarata Monteoru ROU"]
[Date "2012.02.16"]
[Round "4.5"]
[White "Peptan,C"]
[Black "Cusmuliuc,D"]
[Result "1-0"]
[WhiteElo "2425"]
[BlackElo "1745"]

1.e4 c5 2.Nf3 d6 3.Bb5+ Bd7 4.Bxd7+ Qxd7 5.c4 Nf6 6.Nc3 Nc6 7.d4 cxd4 8.Nxd4 g6
9.h3 Bg7 10.Be3 O-O 11.O-O Rfc8 12.b3 Nb8 13.Rc1 Na6 14.Qf3 Nc5 15.Rfd1 Qe8
16.Bg5 a5 17.Ndb5 Qc6 18.Nxd6 exd6 19.Bxf6 Bxf6 20.Qxf6 Ne6 21.Nd5 Re8 22.Qc3 Red8
23.Ne7+  1-0

[Event "ch-ROU Men 2012"]
[Site "Sarata Monteoru ROU"]
[Date "2012.02.18"]
[Round "7.49"]
[White "Bratu,G"]
[Black "Ionita,I"]
[Result "1-0"]
[WhiteElo "1876"]
[BlackElo "1720"]

1.e4 c5 2.Nf3 d6 3.Bb5+ Nd7 4.O-O Nf6 5.Re1 a6 6.Bf1 b6 7.d4 cxd4 8.Nxd4 Bb7
9.Nc3 g6 10.f3 Bg7 11.Be3 O-O 12.Qd2 Qc7 13.Rad1 Rfd8 14.Nb3 b5 15.a3 Rac8
16.Qf2 Re8 17.Rd2 Nc5 18.Nxc5 dxc5 19.Red1 e6 20.Rd6 Bf8 21.R6d2 Bg7 22.Rd6 Bf8
23.R6d2 Qc6 24.Bg5 Nh5 25.e5 c4 26.Ne4 h6 27.Be3 Qc7 28.Nd6 Bd5 29.Nxe8 Rxe8
30.f4 Ng7 31.g4 Rc8 32.c3 Be7 33.Bg2 Bxg2 34.Qxg2 Bc5 35.Qf2 Bxe3 36.Qxe3 h5
37.h3 hxg4 38.hxg4 Ne8 39.Rd7 Qc6 40.Kf2 Nc7 41.Rd8+ Rxd8 42.Rxd8+ Ne8 43.Qd4 Kg7
44.f5 Kh6 45.Qf4+ g5 46.Qh2+ Kg7 47.f6+ Kg8 48.Rd2 Qc7 49.Qg3 Qc5+ 50.Qe3 Qc8
51.Qxg5+ Kf8 52.Qh6+ Kg8 53.Qf4 Qb8 54.g5 Nc7 55.g6 Nd5 56.gxf7+ Kxf7 57.Qe4 Qh8
58.Rxd5 exd5 59.Qxd5+ Kg6 60.Qe4+ Kf7  1-0

[Event "3rd Jerry Hanken FIDE Open"]
[Site "Stillwater USA"]
[Date "2012.02.18"]
[Round "3.5"]
[White "Baumgartner,C"]
[Black "Veal,J"]
[Result "0-1"]
[WhiteElo "1868"]
[BlackElo "1962"]

1.e4 c5 2.Nf3 d6 3.Bb5+ Bd7 4.c4 Nc6 5.O-O e5 6.Nc3 Nf6 7.d3 Be7 8.Bg5 O-O
9.Bxf6 Bxf6 10.h3 g6 11.Nd5 Bg7 12.Bxc6 bxc6 13.Ne3 f5 14.Rb1 f4 15.Nc2 g5
16.Nh2 Qf6 17.b4 cxb4 18.Nxb4 a5 19.Nc2 Qg6 20.Rb7 Rf7 21.f3 h5 22.d4 exd4
23.Nxd4 Qf6 24.Ne2 Qe5 25.Qd3 Qc5+ 26.Kh1 Be6 27.Rxf7 Bxf7 28.Rc1 Rb8 29.Nf1 Rb2
30.a4 Qf2 31.Nd2 Qe3  0-1

[Event "ch-POL 2012"]
[Site "Warsaw POL"]
[Date "2012.02.18"]
[Round "1"]
[White "Jaracz,P"]
[Black "Wojtaszek,R"]
[Result "0-1"]
[WhiteElo "2542"]
[BlackElo "2706"]

1.e4 c5 2.Nf3 d6 3.Bb5+ Nd7 4.d4 cxd4 5.Qxd4 a6 6.Bxd7+ Bxd7 7.c4 Nf6 8.Bg5 e6
9.O-O h6 10.Bd2 Be7 11.Bb4 Qc7 12.Nc3 Rd8 13.Rac1 O-O 14.Rfd1 Bc8 15.b3 Rfe8
16.h3 b6 17.Rd2 Bb7 18.Re1 Qc6 19.Rdd1 Nd7 20.Qe3 Nc5 21.Nd4 Qc7 22.Qg3 Bf6
23.Ba3 Be5 24.Qh4 b5 25.cxb5 Nxb3 26.Nxb3 Qxc3 27.bxa6 Bxa6 28.f4 Bf6 29.Qf2 Qc6
30.Bb2 e5 31.Rd2 Bb5 32.Red1 Qxe4 33.Rxd6 Rxd6 34.Rxd6 Be7 35.Rb6 Bc6 36.Kh2 Bh4
37.Qf3 Qxf4+ 38.Qxf4 exf4 39.Bc3 Bg3+ 40.Kg1 Bd5 41.Rd6 f3  0-1

[Event "ch-POL 2012"]
[Site "Warsaw POL"]
[Date "2012.02.18"]
[Round "1"]
[White "Strzemiecki,Z"]
[Black "Moranda,W"]
[Result "0-1"]
[WhiteElo "2402"]
[BlackElo "2568"]

1.e4 c5 2.Nf3 d6 3.Bb5+ Nc6 4.O-O Bd7 5.c3 Nf6 6.Re1 a6 7.Bf1 Bg4 8.d3 e6
9.Nbd2 Nd7 10.h3 Bh5 11.Qb3 Be7 12.d4 Na5 13.Qd1 cxd4 14.cxd4 O-O 15.Nb3 Rc8
16.Nxa5 Qxa5 17.Bd2 Qb6 18.Bc3 Rfe8 19.g4 Bg6 20.Bg2 Qa7 21.a4 h6 22.Qe2 Nf6
23.Nd2 d5 24.e5 Nd7 25.f4 f5 26.exf6 Bxf6 27.Qf2 Qb8 28.a5 Bf7 29.Nf1 Nf8
30.Ne3 Ng6 31.Rf1 Bh4 32.Qf3 Be7 33.Be1 Bd6 34.Bg3 Rf8 35.Kh2 Be8 36.f5 Bb5
37.Rfc1 Rxc1 38.Rxc1 Nf4 39.Bf1 Bc6 40.Ng2 Nxg2 41.Kxg2 exf5 42.gxf5 Bxg3
43.Qxg3 Qd8 44.Bd3 Qxa5 45.Kh1 Qb4 46.Qf4 Rf6 47.Rg1 Qf8 48.Qe5 Kh8 49.Qc7 Rf7
50.Qe5 Bd7 51.Rf1 Re7 52.Qf4 Qf6 53.Rc1 Bc6 54.Rg1 Be8 55.Rc1 Bc6 56.Rg1 g5
57.Qf2 Kg8 58.h4 Rg7 59.Re1 Bd7 60.Qf3 Qxd4 61.Re2 gxh4 62.Rg2 Rxg2 63.Kxg2 Qxb2+
64.Kh3 Qe5 65.Kxh4 a5 66.Qg2+ Kf8 67.Qf2 d4 68.Kg4 Qe3 69.Qf1 a4 70.Qb1 Bc6
71.Qb4+ Qe7 72.Qa5 Qg5+ 73.Kh3 Qe3+ 74.Kg4 Bf3+ 75.Kg3 Be4+ 76.Kh4 Qg5+ 77.Kh3 Bxd3  0-1

[Event "ch-ROU Women 2012"]
[Site "Sarata Monteoru ROU"]
[Date "2012.02.19"]
[Round "7.7"]
[White "Bulmaga,I"]
[Black "Cusmuliuc,D"]
[Result "1-0"]
[WhiteElo "2360"]
[BlackElo "1745"]

1.e4 c5 2.Nf3 d6 3.Bb5+ Bd7 4.Bxd7+ Qxd7 5.c4 Nc6 6.Nc3 e6 7.d4 cxd4 8.Nxd4 Nf6
9.O-O Be7 10.Nc2 O-O 11.Ne3 Rac8 12.b3 Rfd8 13.Bb2 Bf8 14.Qe2 Ne7 15.Rfd1 Ng6
16.Nc2 a6 17.a4 Rc5 18.Bc1 Rh5 19.Be3 e5 20.h3 Nf4 21.Bxf4 exf4 22.Nd5 Rh6
23.Nxf4 g5 24.Nd5 Bg7 25.Nxf6+ Bxf6 26.Rac1 Qe7 27.Rd5 Re8 28.Ne3 Qxe4 29.Rxd6 Bb2
30.Rxh6 Bxc1 31.Rb6 Bxe3 32.fxe3 f5 33.Qd2 Re7 34.Qd4 Rd7 35.Qxe4 fxe4 36.Kf2 Re7
37.Kg3 Kg7 38.Kg4 h6 39.Kf5 Rf7+ 40.Kxe4 Rf2 41.Rxb7+ Kg8 42.g3 Rh2 43.Kf3 Rxh3
44.Kg2 g4 45.Rb6  1-0

[Event "US Amateur Team-ch East"]
[Site "Parsippany USA"]
[Date "2012.02.20"]
[Round "5"]
[White "Luchan,J"]
[Black "Yeliseyev,I"]
[Result "0-1"]
[WhiteElo "2109"]
[BlackElo "2121"]

1.e4 c5 2.Nf3 d6 3.Bb5+ Nd7 4.d4 cxd4 5.Qxd4 e6 6.Nc3 Nf6 7.Bg5 Be7 8.O-O-O a6
9.Bxd7+ Bxd7 10.e5 dxe5 11.Nxe5 Bb5 12.Qxd8+ Rxd8 13.Rxd8+ Bxd8 14.Nxb5 axb5
15.Rd1 Bb6 16.f3 Nd5 17.Bd2 f6 18.Nd3 Kf7 19.Re1 Re8 20.Nb4 Nc7 21.a3 e5
22.Be3 Bxe3+ 23.Rxe3 Ke6 24.Rc3 Re7 25.Kd2 Kd6 26.Rd3+ Kc5 27.Rc3+ Kb6 28.Rxc7 Rxc7
29.Nd5+ Kc6 30.Nxc7 Kxc7 31.Kd3 f5 32.c4 Kc6 33.cxb5+ Kxb5 34.b3 g5 35.g4 e4+
36.fxe4 fxg4 37.Kd4 h5 38.Kd5 h4 39.e5 g3 40.hxg3 h3 41.e6 h2 42.e7 h1=Q+
43.Ke6 Qc6+ 44.Kf7 Qd7 45.Kf8 Qf5+ 46.Kg7 Qe6 47.Kf8 Qf6+  0-1

[Event "10th Nancy GMA 2012"]
[Site "Nancy FRA"]
[Date "2012.02.21"]
[Round "3"]
[White "Edouard,R"]
[Black "Sandipan,C"]
[Result "1/2-1/2"]
[WhiteElo "2616"]
[BlackElo "2628"]

1.e4 c5 2.Nf3 d6 3.Bb5+ Bd7 4.Bxd7+ Qxd7 5.O-O Nf6 6.Qe2 Nc6 7.Rd1 g6 8.c3 Qg4
9.Re1 Ne5 10.Nxe5 Qxe2 11.Rxe2 dxe5 12.Na3 Bg7 13.Nc4 Nd7 14.d3 O-O 15.Bg5 Rfe8
16.a4 b6 17.Be3 Rab8 18.b4 Rec8 19.b5 a5 20.bxa6 Ra8 21.Rb2 Rxa6 22.Kf1 Kf8
23.a5 Rca8 24.Rab1 bxa5 25.Bxc5 Ke8 26.Ba3 Bf8 27.Rb7 R6a7 28.Ke2 e6 29.Bxf8 Kxf8
30.R7b5 f6 31.Kd2 a4 32.Na3 Ke7 33.Kc2 h5 34.Rb7 h4 35.R1b4 g5 36.f3 Rxb7
37.Rxb7 Ra6 38.Rc7 f5 39.Rc8 Nf6 40.Nc4 a3 41.Kb1 a2+ 42.Ka1 Nd7 43.exf5 exf5
44.Ne3 Ra5 45.Nxf5+ Ke6 46.Ne3 Nc5 47.Nc2 Nxd3 48.Rd8 Nc5 49.Kb2 e4 50.fxe4 Nxe4
51.Re8+ Kf5 52.Rf8+ Kg6 53.Rf1 g4 54.h3 g3 55.Rf4 Rb5+ 56.Kxa2 Nxc3+ 57.Ka3 Nb1+
58.Ka2 Kg5 59.Rg4+ Kh5 60.Nd4 Rb4 61.Ne2  1/2-1/2

[Event "16th Guingamp Open"]
[Site "Guingamp FRA"]
[Date "2012.02.23"]
[Round "5"]
[White "Fruteau,S"]
[Black "Koziak,V"]
[Result "0-1"]
[WhiteElo "2148"]
[BlackElo "2511"]

1.e4 c5 2.Nf3 d6 3.Bb5+ Nc6 4.O-O Bd7 5.c3 Nf6 6.Qe2 a6 7.Bxc6 Bxc6 8.d3 e6
9.Nbd2 Be7 10.Rd1 O-O 11.d4 cxd4 12.Nxd4 Qc7 13.Nxc6 Qxc6 14.f3 b5 15.Nb3 Rfc8
16.Be3 Rab8 17.Ba7 Ra8 18.Be3 d5 19.e5 Nd7 20.f4 b4 21.Nd4 Qb7 22.cxb4 Bxb4
23.f5 Re8 24.f6 gxf6 25.exf6 Nxf6 26.Rf1 Ne4 27.Qg4+ Kh8 28.Qh5 f6 29.Rf3 e5
30.Nf5 Rg8 31.Raf1 Rac8 32.Rh3 Rc2 33.Nh4 Qg7 34.g3 d4 35.Nf5 Qb7 36.Bh6 Nxg3  0-1

[Event "Schachbundesliga 2011-12"]
[Site "Hockenheim GER"]
[Date "2012.02.25"]
[Round "10"]
[White "Paehtz,E"]
[Black "Heinemann,T"]
[Result "1-0"]
[WhiteElo "2461"]
[BlackElo "2469"]

1.e4 c5 2.Nf3 d6 3.Bb5+ Nd7 4.O-O Nf6 5.Re1 a6 6.Bf1 b6 7.c3 Bb7 8.d3 c4
9.d4 Bxe4 10.Bxc4 d5 11.Bf1 e6 12.Bf4 Be7 13.Nbd2 Bxf3 14.Qxf3 O-O 15.a4 Nb8
16.Bd3 Nc6 17.Qh3 Bd6 18.Bg5 g6 19.Re3 Re8 20.Rae1 Nb8 21.Nf3 Bf8 22.Ne5 h6
23.Bxh6 Nbd7 24.Bg5 Bg7 25.Qh4 Qc7 26.Rh3 Kf8 27.Rf3 Kg8 28.Rxf6 Nxf6 29.Bxf6 Bxf6
30.Qxf6 Rf8 31.Ng4 Qd8 32.Qe5 f6 33.Qxe6+ Kg7 34.Ne3 f5 35.Nxd5 Qg5 36.Qe5+ Kg8
37.Ne7+ Kh7 38.Re3 Qf6 39.Qf4 Rfe8 40.Nd5 Qf7 41.Bc4 Rxe3 42.Nxe3  1-0

[Event "ch-POL w 2012"]
[Site "Warsaw POL"]
[Date "2012.02.26"]
[Round "9"]
[White "Jaracz,B"]
[Black "Zawadzka,J"]
[Result "0-1"]
[WhiteElo "2281"]
[BlackElo "2358"]

1.e4 c5 2.Nf3 d6 3.Bb5+ Nd7 4.O-O Nf6 5.Nc3 a6 6.Bxd7+ Bxd7 7.d4 cxd4 8.Qxd4 e5
9.Qd3 h6 10.a4 Be7 11.a5 Rc8 12.Be3 Be6 13.Bb6 Qd7 14.Rfd1 O-O 15.h3 Qc6
16.Rac1 Nd7 17.Be3 Nc5 18.Bxc5 Qxc5 19.Nd5 Bd8 20.b4 Qc4 21.c3 Qxd3 22.Rxd3 f5
23.exf5 Bxf5 24.Re3 Rf7 25.Rd1 Bc2 26.Rd2 Bg6 27.Rd1 Bh5 28.g4 Bg6 29.Kg2 h5
30.Kg3 e4 31.Nd4 Bg5 32.Re2 h4+ 33.Kg2 Re8 34.Ne3 Rc7 35.Ndf5 Rxc3 36.Rxd6 Bf7
37.Rd7 Rd3 38.Rxb7 g6 39.b5 gxf5 40.gxf5 axb5 41.a6 Ra3 42.a7 Kg7 43.Nd5 Bf6
44.Nb6 Kg8 45.Re3 Ra2 46.a8=Q Rexa8 47.Nxa8 Rxa8 48.Rxb5 Ra4 49.Rb8+ Kg7
50.Rb7 Be5 51.Reb3 Ra2 52.Re3 Kf6 53.Rxf7+ Kxf7 54.Rxe4 Bg3 55.Kf3 Rxf2+
56.Kg4 Ra2 57.Rb4 Ra6 58.Re4 Ra8 59.Re6 Bf2 60.Rc6 Ra4+ 61.Kh5 Be3 62.f6 Re4
63.Ra6 Bd4 64.Kg5 Bf2 65.Ra2 Re5+ 66.Kg4 Bg3 67.Ra6 Rb5 68.Rc6 Kg6 69.Ra6 Rb4+
70.Kf3 Be5 71.f7+ Kxf7 72.Rc6 Bf6 73.Ra6 Kg6 74.Ra3 Kf5 75.Kg2 Rb2+ 76.Kh1 Be5
77.Rd3 Ke4 78.Ra3 Bg3 79.Kg1 Bf2+ 80.Kh1 Be3 81.Rc3 Kf3 82.Ra3 Re2 83.Ra2 Re1+
84.Kh2 Bf4+  0-1

[Event "Tel Aviv GM"]
[Site "Tel Aviv ISR"]
[Date "2012.02.27"]
[Round "1"]
[White "Oratovsky,M"]
[Black "Givon,A"]
[Result "1-0"]
[WhiteElo "2521"]
[BlackElo "2329"]

1.e4 c5 2.Nf3 d6 3.Bb5+ Bd7 4.Bxd7+ Qxd7 5.c4 Nf6 6.Nc3 g6 7.d4 cxd4 8.Nxd4 Bg7
9.f3 O-O 10.Be3 Nc6 11.O-O a6 12.a4 e6 13.Nde2 Qc7 14.Rb1 Nd7 15.b3 Nc5 16.Kh1 Rac8
17.Bf4 Be5 18.Bh6 Rfe8 19.f4 Bf6 20.Rf3 Nb4 21.Ng3 Qa5 22.f5 exf5 23.exf5 Nbd3
24.Nd5 Re1+ 25.Qxe1 Nxe1 26.Nxf6+ Kh8 27.Re3 Ned3 28.Re7 Ne5 29.b4 Qxa4 30.bxc5 Qa2
31.Rexb7 Qxc4 32.cxd6 Qh4 33.Rb8 Qc4 34.h3 a5 35.d7 Nxd7 36.Nxd7  1-0

[Event "PriFO Champ RUS 2012"]
[Site "Tolyatti RUS"]
[Date "2012.02.28"]
[Round "2.10"]
[White "Mokshanov,A"]
[Black "Bronnikov,K1"]
[Result "1-0"]
[WhiteElo "2384"]
[BlackElo "2256"]

1.e4 c5 2.Nf3 d6 3.Bb5+ Nc6 4.Bxc6+ bxc6 5.O-O Bg4 6.c3 Nf6 7.Re1 Nd7 8.d3 e6
9.Nbd2 Bh5 10.h3 Be7 11.Nf1 O-O 12.g4 Bg6 13.Ng3 f5 14.Kg2 fxe4 15.dxe4 d5
16.Qe2 Rf7 17.exd5 exd5 18.Bf4 Qf8 19.Qe6 Kh8 20.Qxd7 Rxf4 21.Qxe7 Rxf3 22.Qxf8+ Raxf8
23.Re2 Kg8 24.Rae1 d4 25.cxd4 cxd4 26.Rd2 d3 27.Nf5 Rf4 28.Ne7+ Kh8 29.Nxg6+ hxg6
30.Re3 Rc4 31.Rexd3  1-0

[Event "PriFO Champ RUS 2012"]
[Site "Tolyatti RUS"]
[Date "2012.02.28"]
[Round "2.28"]
[White "Kalegin,E"]
[Black "Petukhov,D"]
[Result "1/2-1/2"]
[WhiteElo "2462"]
[BlackElo "2332"]

1.e4 c5 2.Nf3 d6 3.Bb5+ Nc6 4.O-O Bd7 5.Re1 a6 6.Bxc6 Bxc6 7.d4 cxd4 8.Nxd4 e5
9.Nxc6 bxc6 10.Qf3 Be7 11.Nd2 Qa5 12.c3 Nf6 13.Nc4 Qb5 14.b3 O-O 15.Bg5 d5
16.exd5 e4 17.Rxe4 Nxe4 18.Bxe7 cxd5 19.Bxf8 Rxf8 20.Ne5 Qe8 21.Ng4 f5 22.Ne3 Qe5
23.Nc2 Nxc3 24.Re1 Ne4 25.Qd3 Rd8 26.Nd4 Qf6 27.f3 Qb6 28.fxe4 dxe4 29.Qc4+ Kh8
30.Rd1 h6 31.Kf1 Qd6 32.g3 f4 33.Kg2 Qd7 34.Qc3 e3 35.Re1 Qxd4 36.Qxd4 Rxd4
37.gxf4 Rd2+ 38.Kg3 e2 39.Kf3 Rxa2 40.Rxe2 Ra3 41.Re8+ Kh7 42.Rb8 Kg6  1/2-1/2

[Event "32nd TCh-IND 2012"]
[Site "Panaji IND"]
[Date "2012.02.29"]
[Round "4"]
[White "Priyadharshan,K"]
[Black "Adhiban,Baskaran"]
[Result "1-0"]
[WhiteElo "2385"]
[BlackElo "2561"]

1.e4 c5 2.Nf3 d6 3.Bb5+ Nc6 4.O-O Bd7 5.Re1 Nf6 6.c3 a6 7.Bf1 Bg4 8.h3 Bxf3
9.Qxf3 g6 10.d3 Bg7 11.Be3 O-O 12.Nd2 Nd7 13.Qd1 b5 14.Nf3 Nb6 15.Rc1 Rc8
16.Qd2 e6 17.b3 Ne5 18.Nh2 f5 19.d4 Nc6 20.Bg5 Qc7 21.dxc5 dxc5 22.exf5 exf5
23.g3 Qd7 24.Qxd7 Nxd7 25.a4 Rb8 26.Re6 Rb6 27.Rd1 Ncb8 28.Rxb6 Nxb6 29.axb5 axb5
30.Bxb5 Bxc3 31.Be7 Rc8 32.Rd6 Na8 33.Nf3 Nc7 34.Bc4+ Kg7 35.Rd3 Bb4 36.Bd8 h6
37.Ne5 Ne8 38.Be6 c4 39.bxc4 Rc5 40.Nd7 Rc6 41.Re3 Rd6 42.Bd5 Nxd7 43.Re7+ Kf8
44.Rf7+ Kg8 45.Rxd7+ Kh8 46.Rb7 Rxd8 47.Rxb4 Nf6 48.Bf3 Rc8 49.Kf1 Kg7 50.Ke2 Kf7
51.Kd3 Rd8+ 52.Kc3 g5 53.Rb7+ Ke6 54.Rb6+ Ke5 55.Rb5+ Ke6 56.g4 Ne4+ 57.Kb4 Nxf2
58.Rxf5 Nxh3 59.Bd5+ Ke7 60.Kc5 Nf4 61.Rf7+ Ke8 62.Rh7 Nxd5 63.Rh8+ Ke7 64.Rxd8 Nf6
65.Rd4 h5 66.gxh5 Nxh5 67.Kb6 Nf6 68.c5 g4 69.c6 g3 70.c7 g2 71.Rd1  1-0

[Event "PriFO Champ RUS 2012"]
[Site "Tolyatti RUS"]
[Date "2012.03.01"]
[Round "4.4"]
[White "Alavkin,A"]
[Black "Isajevsky,A"]
[Result "0-1"]
[WhiteElo "2383"]
[BlackElo "2426"]

1.e4 c5 2.Nf3 d6 3.Bb5+ Nd7 4.d4 cxd4 5.Qxd4 a6 6.Bxd7+ Bxd7 7.c4 Rc8 8.Nc3 Qc7
9.b3 e5 10.Qd3 b5 11.Nd5 Qb7 12.O-O Nf6 13.Nd2 Nxd5 14.exd5 Be7 15.Ba3 O-O
16.f4 exf4 17.Rae1 Qb6+ 18.Kh1 Bh4 19.Re2 Bg4 20.Nf3 Bf6 21.Qe4 bxc4 22.bxc4 Bxf3
23.Rxf3 Qc7 24.Rxf4 Be5 25.Rf1 Qxc4 26.Qf3 f6 27.h3 Rfe8 28.Rfe1 Red8 29.Bb2 Rc5
30.Rd1 Qf4 31.Qxf4 Bxf4 32.Ba3 Ra5 33.Bb4 Rb5 34.Re4 Be5 35.Rc4 Rdb8 36.a3 a5
37.Be1 Rb1 38.Rcc1 Rxc1 39.Rxc1 Rb5 40.Rd1 Kf7 41.a4 Rc5 42.g4 Kg6 43.Kg2 h5
44.Kf3 hxg4+ 45.hxg4 Rc4  0-1

[Event "TCh-ISR 2011-12"]
[Site "Israel ISR"]
[Date "2012.03.02"]
[Round "11.6"]
[White "Krayz,A"]
[Black "Zanan,E"]
[Result "1-0"]
[WhiteElo "2335"]
[BlackElo "2247"]

1.e4 c5 2.Nf3 d6 3.Bb5+ Nd7 4.c3 Nf6 5.Qe2 a6 6.Ba4 Qc7 7.O-O b5 8.Bc2 e5
9.a4 b4 10.d3 a5 11.Bb3 Be7 12.Nbd2 O-O 13.Nc4 Nb6 14.Nfd2 Be6 15.Nxb6 Qxb6
16.Bxe6 fxe6 17.Nc4 Qc7 18.f4 exf4 19.Bxf4 Kh8 20.Bg3 Rad8 21.e5 dxe5 22.Bxe5 Qd7
23.Rf3 Nd5 24.Rh3 Rf5 25.Qe4 Kg8 26.g4 Nf6 27.Bxf6 Bxf6 28.gxf5 exf5 29.Qf4 g5
30.Qd2 bxc3 31.bxc3 f4 32.Qg2 Qf5 33.Rf3 Bxc3 34.Raf1 Kh8 35.Kh1 Bd4 36.Qe2 Qd7
37.Nxa5 Qxa4 38.Nc4 Re8 39.Qg2 h6 40.Rh3 Qa6 41.Qxg5  1-0

[Event "83rd ch-GER 2012"]
[Site "Osterburg GER"]
[Date "2012.03.02"]
[Round "1"]
[White "Vatter,H"]
[Black "Huschenbeth,N"]
[Result "0-1"]
[WhiteElo "2309"]
[BlackElo "2509"]

1.e4 c5 2.Nf3 d6 3.Bb5+ Nd7 4.d4 cxd4 5.Qxd4 a6 6.Bxd7+ Bxd7 7.Nc3 Nf6 8.O-O e6
9.a4 Be7 10.Bg5 Bc6 11.a5 O-O 12.Nd2 Qc7 13.Nc4 Rad8 14.Nb6 h6 15.Bh4 Nh5
16.Bxe7 Qxe7 17.Qe3 f5 18.f3 fxe4 19.Nxe4 Nf4 20.Rae1 Kh8 21.Kh1 d5 22.Qc5 Qf7
23.Ng3 Qf6 24.Ne2 Nxe2 25.Rxe2 Bb5 26.c4 dxc4 27.Rfe1 c3 28.Rf2 cxb2 29.Qb4 Rd4
30.Qxb2 Rfd8 31.Qc1 e5 32.Rc2 Bc6 33.Rce2 Bxf3 34.Rf2 Rd1 35.Rxd1 Rxd1+ 36.Qxd1 Bxd1
37.Rxf6 gxf6 38.Nd7 Kg7 39.Nc5 Be2 40.Nxb7 Kf7 41.Nc5 Ke7 42.Kg1 f5 43.Kf2 Bb5
44.Nb3 Bc4 45.Nd2 Bd5 46.Nf1 Kd6 47.g3 Kc5 48.h3 Kb5 49.Ne3 Be6 50.g4 f4
51.Ng2 Kxa5 52.Ne1 Kb4 53.Nd3+ Kc3 54.Nxe5 a5  0-1

[Event "TCh-AUT 1st Bundesliga 2012"]
[Site "St. Veit AUT"]
[Date "2012.03.02"]
[Round "5.5"]
[White "Maurer,Joc"]
[Black "Bischoff,K"]
[Result "0-1"]
[WhiteElo "2272"]
[BlackElo "2537"]

1.e4 c5 2.Nf3 d6 3.Bb5+ Nd7 4.d4 Nf6 5.O-O cxd4 6.Qxd4 e5 7.Qd3 h6 8.Nc3 a6
9.Bc4 b5 10.Bd5 Rb8 11.b4 Be7 12.a4 bxa4 13.Rxa4 O-O 14.Bd2 Nb6 15.Ra5 Nbxd5
16.Nxd5 Nxd5 17.exd5 f5 18.Qe2 Bf6 19.c4 e4 20.Ne1 Qe8 21.Nc2 Bd8 22.Ra3 f4
23.f3 Bb6+ 24.Kh1 Qh5 25.c5 dxc5 26.Qxe4 Bf5 27.Qc4 Rfc8 28.Rc3 cxb4 29.Qxb4 Rxc3
30.Qxc3 Rc8 31.Qb3 Rxc2 32.d6+ Qf7 33.Qxb6 Rxd2  0-1

[Event "29th Ciocaltea Mem"]
[Site "Bucharest ROU"]
[Date "2012.03.03"]
[Round "2"]
[White "Vedmediuc,S"]
[Black "Szabo,G ROM"]
[Result "1/2-1/2"]
[WhiteElo "2459"]
[BlackElo "2553"]

1.e4 c5 2.Nf3 d6 3.Bb5+ Bd7 4.Bxd7+ Qxd7 5.c4 Nc6 6.d4 cxd4 7.Nxd4 g6 8.Nc3 Nf6
9.h3 Nxd4 10.Qxd4 Bg7 11.Be3 O-O 12.Qd3 Qc6 13.Bd4 Nd7 14.Nd5 Rfe8 15.Bxg7 Kxg7
16.Qd4+  1/2-1/2

[Event "TCh-CAT 2012"]
[Site "Catalunya ESP"]
[Date "2012.03.03"]
[Round "6.1"]
[White "Munoz Pantoja,M"]
[Black "Alsina Leal,D"]
[Result "0-1"]
[WhiteElo "2495"]
[BlackElo "2535"]

1.e4 c5 2.Nf3 d6 3.Bb5+ Bd7 4.Bxd7+ Qxd7 5.O-O Nf6 6.Re1 Nc6 7.c4 g6 8.d4 cxd4
9.Nxd4 Bg7 10.Nc3 O-O 11.Nde2 Rac8 12.f3 a6 13.Be3 Ne5 14.b3 b5 15.cxb5 axb5
16.Qd2 b4 17.Na4 Nc4 18.Qd3 Nxe3 19.Qxe3 Qb7 20.Rac1 Nd7 21.Rxc8 Rxc8 22.Rc1 Rxc1+
23.Qxc1 d5 24.exd5 Qxd5 25.Qc8+ Bf8 26.Qc4 Qd2 27.Ng3 Bg7 28.Qe2 Qc1+ 29.Nf1 Bd4+
30.Kh1 Ne5 31.g3 Qb1 32.Kg2 Nd3 33.Kh3 h5 34.Ne3 Bxe3 35.Qxe3 Qf1+ 36.Kh4 Ne1  0-1

[Event "TCh-LTU 2012"]
[Site "Lithuania LTU"]
[Date "2012.03.03"]
[Round "6"]
[White "Tamosiunas,T"]
[Black "Vasylius,K"]
[Result "1-0"]
[WhiteElo "2009"]
[BlackElo "2114"]

1.e4 c5 2.Nf3 d6 3.Bb5+ Bd7 4.Bxd7+ Qxd7 5.O-O e6 6.c4 Nc6 7.d4 cxd4 8.Nxd4 Be7
9.Nc3 a6 10.Be3 Bf6 11.Rc1 Nge7 12.b3 O-O 13.f4 Rfd8 14.Nde2 b5 15.Bb6 Rdb8
16.Bc5 Rd8 17.Bb6 Rdb8 18.Bc5 b4 19.e5 Nxe5 20.fxe5 Bxe5 21.Na4 Nf5 22.Bf2 Qc7
23.Ng3 Bf4 24.Rc2 Ne3 25.Bxe3 Bxe3+ 26.Kh1 Re8 27.Qe1 Bc5 28.Nxc5 Qxc5 29.Qf2 Qc7
30.Rd2 f5 31.Rfd1 Rad8 32.Qf4 Qa5 33.Rxd6 Rxd6 34.Qxd6 Qxa2 35.Qd7 Kf8 36.Qd6+ Kg8
37.Qxb4 f4 38.Ne4 f3 39.gxf3 Qe2 40.Qe1 Qxf3+ 41.Kg1 Rf8 42.Ng3 e5 43.Rb1 Qd3
44.Qe4 Qc3 45.b4 Rf4 46.Qd5+ Kf8 47.Rf1 Qxb4 48.Rxf4+ exf4 49.Qf5+ Kg8 50.Qxf4 a5
51.Nf5 Qe1+ 52.Kg2 g6 53.Qe3 Qb4 54.Qe8+ Qf8 55.Qxf8+ Kxf8 56.Nd4 a4 57.Nc2 Ke7
58.Kf3 Kd6 59.Ke4 Kc5 60.Kd3 g5 61.Kc3 h5 62.Nb4 g4 63.Nd3+ Kd6 64.Kb4 a3
65.Kxa3 h4 66.Kb4 h3 67.Nf2 g3 68.hxg3 h2 69.Kc3  1-0

[Event "TCh-AUT 1st Bundesliga 2012"]
[Site "St. Veit AUT"]
[Date "2012.03.03"]
[Round "6.4"]
[White "Neuschmied,S"]
[Black "Jankovic,A"]
[Result "0-1"]
[WhiteElo "2308"]
[BlackElo "2568"]

1.e4 c5 2.Nf3 d6 3.Bb5+ Nd7 4.d4 cxd4 5.Qxd4 a6 6.Ba4 Nf6 7.e5 dxe5 8.Nxe5 e6
9.O-O b5 10.Nxd7 Qxd7 11.Qxd7+ Nxd7 12.Bb3 Nc5 13.Nd2 Bb7 14.a4 Nxb3 15.Nxb3 b4
16.Be3 Rc8 17.Rfc1 Bd5 18.Nd2 Bd6 19.c4 bxc3 20.bxc3 Ke7 21.c4 Bc6 22.Nb3 e5
23.Na5 Bb4 24.Bb6 Ke6 25.Nb3 Ba8 26.a5 Be7 27.Ra4 f5 28.Re1 g5 29.f3 Kf6
30.Rc1 h5 31.Ra2 Rhg8 32.Be3 Kf7 33.Re2 Rgd8 34.Bb6 Rd3 35.Re3 Rxe3 36.Bxe3 g4
37.f4 Rd8 38.Nd2 Rd3 39.Nf1 Rxe3 40.Nxe3 Bc5 41.Kf1 Bxe3  0-1